Traité thérapeutique et clinique d'hydrothérapie. L'application de l'hydrothérapie au traitement des maladies chroniques dans les établissements publics et au domicile des maladies. Études de philosophie médicale et de pathologie générale / par le Docteur Louis Fleury professeur agrégé de la Faculté de médecine de Paris

Detalles Bibliográficos
Autor principal: Fleury, Louis
Formato: Libro
Lenguaje:French
Publicado: Paris : P. Asselin, successeur de Béchet jeune et Labé libraire de la Faculté de Médecine, Place de l'École-de-Médecine, 1875.
Edición:Quatrième édition, revue et corrigée par l'auteur avec figures dans le texte
Materias:
Colección:Banco de datos
Acervo:Universidad Autónoma Benito Juárez de Oaxaca. Biblioteca Francisco de Burgoa. Colección histórica
Descripción Física:[1] h., XXVI, 1124 p. ; 23 cm.
Tema general:Medicina
Notas:Portada tipográfica con plecas. Texto a renglón seguido con paginación en números arábigos y romanos, notas a pie de página, cornisas y signaturas. Encuadernación en cartón con lomo en piel
LEADER 01502nam a22002050004500
035 |a 2153 
041 0 |a fre 
100 1 |a Fleury, Louis 
245 1 0 |a Traité thérapeutique et clinique d'hydrothérapie. L'application de l'hydrothérapie au traitement des maladies chroniques dans les établissements publics et au domicile des maladies. Études de philosophie médicale et de pathologie générale / par le Docteur Louis Fleury professeur agrégé de la Faculté de médecine de Paris 
250 |a Quatrième édition, revue et corrigée par l'auteur avec figures dans le texte  
260 |a Paris : P. Asselin, successeur de Béchet jeune et Labé libraire de la Faculté de Médecine, Place de l'École-de-Médecine, 1875. 
300 |a [1] h., XXVI, 1124 p. ; 23 cm.  
500 |a Portada tipográfica con plecas. Texto a renglón seguido con paginación en números arábigos y romanos, notas a pie de página, cornisas y signaturas. Encuadernación en cartón con lomo en piel  
504 |a Al principio de la obra están el índice analítico de materias y el catálogo de publicaciones en venta de la casa impresora 
504 |a Al final de la obra está el índice alfabético de materias 
650 1 0 |a Medicina 
852 |a Universidad Autónoma "Benito Juárez" de Oaxaca, Biblioteca Francisco de Burgoa, Colección histórica 14895 
942 |c BURHIS 
943 |g Universidad Autónoma Benito Juárez de Oaxaca. Biblioteca Francisco de Burgoa. Colección histórica 
999 |c 1120655  |d 1120655